• 首页
  • 本馆介绍
  • 公告通知
  • 最新文献
  • 馆藏检索
  • 电子资源
  • 读者荐购
  • 参考咨询
  • CALIS
  • 我的图书馆
  • 登录
  • 详细信息显示
  • 放入我的书架
  • 预约/预借图书
  • 作者相关作品
  • 分类相关作品
  • 丛书相关作品
  • 出版社相关作品

书目信息

  • 表格格式
  • 工作单格式
  • 卡片格式
题名:
公路施工组织与概预算
    
 
作者: 靳卫东 , 梁春雨 主编
分册:  
出版信息: 北京   人民交通出版社股份有限公司  2015
页数: 369页
开本: 26cm
丛书名:
单 册:
中图分类: U415
科图分类:
主题词: 道路施工--Dao Lu Shi Gong--施工组织--教材 , 道路工程--Dao Lu Gong Cheng--概算编制--教材 , 道路工程--Dao Lu Gong Cheng--预算编制--教材
电子资源:
ISBN: 978-7-114-12295-8
 
 
 
 
 
000 01181nam0 2200301 450
001 0100005211
005 20170220154027.45
010    @a978-7-114-12295-8@dCNY45.00
100    @a20151109d2015 em y0chiy50 ea
101 0  @achi
102    @aCN@b110000
105    @aak a 000yy
200 1  @a公路施工组织与概预算@Agong lu shi gong zu zhi yu gai yu suan@f靳卫东, 梁春雨主编
210    @a北京@c人民交通出版社股份有限公司@d2015
215    @a369页@c图@d26cm
300    @a高等学校交通运输与工程类专业规划教材
312    @a英文并列题名取自封面
320    @a有书目 (第368-369页)
330    @a本书共分七章,主要内容包括:绪论、施工过程组织及流水施工原理、公路施工组织设计、网络计划技术、施工进度计划的监测与调整、公路工程定额、公路基本建设工程概预算等内容。
510 1  @aHighway construction planning and cost estimating@zeng
606 0  @a道路施工@ADao Lu Shi Gong@x施工组织@j教材
606 0  @a道路工程@ADao Lu Gong Cheng@x概算编制@j教材
606 0  @a道路工程@ADao Lu Gong Cheng@x预算编制@j教材
690    @aU415@v5
701  0 @a靳卫东@Ajin wei dong@4主编
701  0 @a梁春雨@Aliang chun yu@4主编
801  0 @aCN@c20161103
905    @a河南城建学院图书馆@dU415@eJ859
    
    公路施工组织与概预算/靳卫东, 梁春雨主编.-北京:人民交通出版社股份有限公司,2015
    369页:图;26cm
    高等学校交通运输与工程类专业规划教材
    
    ISBN 978-7-114-12295-8:CNY45.00
    本书共分七章,主要内容包括:绪论、施工过程组织及流水施工原理、公路施工组织设计、网络计划技术、施工进度计划的监测与调整、公路工程定额、公路基本建设工程概预算等内容。
●
相关链接 在E读中查询图书 在当当中查询图书 在豆瓣中查询图书


正题名:公路施工组织与概预算     索取号:U415/J859         预约/预借

序号 登录号 条形码 馆藏地/架位号 状态 备注
1 1239201   212392016   土木与交通工程学院资料室/ [索取号:U415/J859] 在馆    
2 1281488   212814882   土木与交通工程学院资料室/ [索取号:U415/J859] 在馆    
3 1281489   212814891   土木与交通工程学院资料室/ [索取号:U415/J859] 在馆    
4 1281490   212814908   土木与交通工程学院资料室/ [索取号:U415/J859] 在馆    
河南城建学院图书馆 欢迎您!
大连网信软件有限公司© 版权所有